| 000 | 00925cam a2200217 4500 | ||
|---|---|---|---|
| 001 | ABS61746 | ||
| 008 | 000000n1999 000 0 eng u | ||
| 035 | _a(Sirsi) u103647 | ||
| 100 | _aFlannery, L. | ||
| 245 | _aWhen all's said and done | ||
| 260 | _c1999 | ||
| 490 |
_aBuilding _v264(8117) 17 December 1999, 45(1) |
||
| 520 | _aSuggests that it is possible to adjudicate on a construction contract where there is no evidence in writing of what was agreed but warns that it may not be possible if the other party denies there was an oral contract. | ||
| 590 | _aABS | ||
| 650 | _aMANAGEMENT-DISPUTE AVOIDANCE, MANAGEMENT AND RESOLUTION-DISPUTE MANAGEMENT AND RESOLUTION-ALTERNATIVE DISPUTE RESOLUTION-ADJUDICATION | ||
| 650 | _aORAL AGREEMENT | ||
| 650 | _aHOUSING GRANTS CONSTRUCTION AND REGENERATION ACT 1996 | ||
| 650 | _aORAL CONTRACTS | ||
| 690 | _aBUILT ENVIRONMENT-BUILDING CONTRACT FORMS | ||
| 942 | _n0 | ||
| 999 |
_c62239 _d62239 |
||